Chansons de Djadja & Dinaz - Statistiques

Statistiques générales
  • Ce quiz a été pris 649 fois
    594 depuis la dernière actualisation
  • Le résultat moyen est 54 sur 159
Statistiques - réponses
Album Titre % Correct
On s'promet J'fais mes affaires
80%
Drôle de mentalité Drôle de mentalité
78%
On s'promet Elle
69%
Drôle de mentalité Croire
68%
Dans l'arène Seuls
67%
Drôle de mentalité Possédé
64%
Drôle de mentalité Bomba
61%
Le revers de la médaille Mal
61%
Spleen Spleen
61%
ALPHA Capitaine
60%
On s'promet A la cool
59%
ALPHA Alpha
58%
Le revers de la médaille C63
55%
Feat DJ Babs Maléfique
55%
Spleen A coeur ouvert
53%
Drôle de mentalité Bénéfice max
53%
On s'promet Block 16
53%
Hors album Bonkasa
53%
Spleen Essayez
53%
Spleen BB
52%
Spleen Loup
52%
On s'promet Répondeur
52%
Spleen Dans le réseau
51%
On s'promet J'y pense
51%
Spleen Manège
51%
Drôle de mentalité Carré d'as
50%
Dans l'arène Déstabilisé
50%
On s'promet On reconnaît
50%
Drôle de mentalité Forza
48%
ALPHA Pas là
48%
Spleen Ancolie
47%
Spleen Perdu
46%
Hors album Booska 77
45%
Dans l'arène C'est la même
45%
Hors album Féfé lambo
45%
Drôle de mentalité Million
45%
On s'promet La base
43%
Le revers de la médaille Meuf mortelle
43%
On s'promet On s'est fait seul
43%
Drôle de mentalité Ganja
42%
Feat Coolax Marchand de sable
42%
Le revers de la médaille Mon ami
42%
Dans l'arène Souviens-toi
42%
ALPHA La force tranquille
41%
ALPHA Messi
41%
ALPHA Full Black
40%
Dans l'arène Catalogués bandits
39%
Le revers de la médaille J'souris
39%
Spleen La cage et la clef
39%
On s'promet On s'en va
39%
Drôle de mentalité 20h20
38%
ALPHA 77
37%
On s'promet La vie qu'on mène
37%
Dans l'arène En vrai
36%
Drôle de mentalité Loin
36%
On s'promet Ma zone
36%
Dans l'arène Dans la cité
35%
Drôle de mentalité Magicien
35%
Le revers de la médaille Non non
35%
ALPHA Outro
35%
Drôle de mentalité Pour la moula
35%
Dans l'arène Avant
34%
Le revers de la médaille Ballon d'or
34%
ALPHA Bénéfice net
34%
ALPHA Intro
34%
Hors album J'rentre pas chez moi
34%
ALPHA L'escalier
34%
Spleen Loyal
34%
Drôle de mentalité Mon temps
34%
Drôle de mentalité TPLM
34%
On s'promet Dans mon dos
33%
Dans l'arène Mauvais comportement
33%
Drôle de mentalité Plus fort
33%
Drôle de mentalité Quitter les cours
33%
Le revers de la médaille Palace
32%
Le revers de la médaille Représenter
32%
ALPHA 800K
31%
Hors album Booska patience
31%
Spleen Certitude
31%
ALPHA J'connais
31%
Spleen Mailler
31%
Spleen Moi-même
31%
Spleen Paré
31%
On s'promet Rien n'a changé
31%
Spleen Royal
31%
Spleen Anonymat
30%
ALPHA Charbonner
30%
Le revers de la médaille Ciroc
30%
ALPHA Dans mon état
30%
Hors album Favela
30%
Le revers de la médaille J'veux plus
30%
Hors album Tenue de motard 4
30%
Le revers de la médaille Tourner
30%
Drôle de mentalité Un millions par mois
30%
Drôle de mentalité Au fond de la classe
29%
ALPHA Balenciaga
29%
Dans l'arène La haine
29%
Drôle de mentalité Zoo
29%
Le revers de la médaille Zumba
29%
ALPHA Avenue
28%
Le revers de la médaille Brassard
28%
Le revers de la médaille Fais du pain
28%
Drôle de mentalité Hanter
28%
On s'promet J'reprends
28%
Spleen Changer
27%
ALPHA Gramma
27%
Dans l'arène J'ai pas dormi de la nuit
27%
Spleen Plein les poches
27%
Dans l'arène Tu veux les billets
27%
Dans l'arène On parle pas
26%
Drôle de mentalité Oubliez-moi
26%
Le revers de la médaille Tu perds la foi
26%
ALPHA Coller
25%
Dans l'arène J'veux plus les voir
25%
Dans l'arène Les crocs
25%
Drôle de mentalité Nouvel R
25%
Le revers de la médaille On avance seuls
25%
Le revers de la médaille Du mal à m'y faire
24%
Dans l'arène Je m'isole
24%
ALPHA Ma force
24%
ALPHA Moi aussi
24%
Drôle de mentalité Bécane volée
23%
Le revers de la médaille Ce qui est à nous
23%
Drôle de mentalité Divisé
23%
Le revers de la médaille J'comprends pas
23%
ALPHA Ça y'est
22%
ALPHA J'réfléchis
22%
Le revers de la médaille La vérité
22%
ALPHA Le métier
22%
Le revers de la médaille Poto j'suis là
22%
Hors album PRBM
22%
Drôle de mentalité Sommet
22%
Le revers de la médaille Zéro
22%
Spleen Ca va aller
21%
ALPHA Mayday
21%
Drôle de mentalité Ca vend
20%
Drôle de mentalité Chacun son sort
20%
Le revers de la médaille C'est pas ça la vie
19%
ALPHA Comme jamais
19%
Le revers de la médaille En otage
19%
ALPHA Envahir
19%
ALPHA Everyday
19%
ALPHA Taulier
19%
ALPHA Bendo
18%
Hors album Booska mental
18%
Drôle de mentalité Le mal m'appelle
18%
ALPHA L'essentiel
18%
Drôle de mentalité Sous tension
18%
Le revers de la médaille Je zone
17%
ALPHA Train de vie
17%
Dans l'arène Dans j'suis kha
16%
Spleen Demain sera meilleurs
16%
Le revers de la médaille J'sais plus comment faire
16%
Le revers de la médaille Privado
16%
ALPHA Sommeil
16%
ALPHA Toujours la même
16%
Le revers de la médaille Ca va pas
15%
Hors album Booska tenue 2 motard 3
10%
Hors album Solitaire
6%
Aucun quiz correspondant
Distribution des résultats
% des personnes avec chaque résultat
Percentile par nombre de réponses
Votre historique - résultats
Vous n’avez pas pris ce quiz depuis la dernière actualisation